书目信息 |
| 题名: |
扬琴曲选
|
|
| 作者: | 黄河 编著 | |
| 分册: | 下 | |
| 出版信息: | 北京 北京广播学院出版社 1993.3 |
|
| 页数: | 2册(87,98页) | |
| 开本: | 26cm | |
| 丛书名: | ||
| 单 册: | ||
| 中图分类: | J648.51 | |
| 科图分类: | ||
| 主题词: | 扬琴--器乐曲--中国--选集 | |
| 电子资源: | ||
| ISBN: | 978-7-81004-402-8 | |
| 000 | 00620nam0 2200217 450 | |
| 001 | 0100416789 | |
| 005 | 20020928000000.0 | |
| 010 | @a978-7-81004-402-8@dCNY7.50 | |
| 100 | @a19930814d1993 em y0chiy0110 ea | |
| 101 | 0 | @achi |
| 102 | @aCN@b110000 | |
| 105 | @ag z 000yy | |
| 106 | @ar | |
| 200 | 1 | @a扬琴曲选@9Yang Qin Qu Xuan @f黄 河编著@b专著@h下 |
| 210 | @a北京@c北京广播学院出版社@d1993.3 | |
| 215 | @a2册(87,98页)@d26cm | |
| 606 | 0 | @a扬琴@x器乐曲@y中国@x选集 |
| 690 | @aJ648.51@v三版 | |
| 701 | 0 | @a黄河@9huang he@4编著 |
| 801 | 0 | @aCN@bAiZhiMarc@c19930814 |
| 905 | @aBZT@dJ648.51@e146:2@f1@sJ648.51/146:2 | |
| 扬琴曲选/黄 河编著.下.-北京:北京广播学院出版社,1993.3 |
| 2册(87,98页);26cm |
| ISBN 978-7-81004-402-8:CNY7.50 |
| ● |
| 相关链接 |
|
|
|
正题名:扬琴曲选
索取号:J648.51/146:2
 
预约/预借
| 序号 | 登录号 | 条形码 | 馆藏地/架位号 | 状态 | 备注 |
| 1 | 2000117387 | 2000117387 | 旧书回溯/ [索取号:J648.51/146:2] | 在馆 |